LEADER 01765nam0 2200409 i 450 001 VAN0124643 005 20230628023838.316 017 70$2N$a9783319643618 100 $a20191023d2018 |0itac50 ba 101 $aeng 102 $aCH 105 $a|||| ||||| 200 1 $aDo Colors Exist?$eAnd Other Profound Physics Questions$fSeth Stannard Cottrell 210 $aCham$cBirkhäuser$d2018 215 $axiii, 278 p.$cill.$d24 cm 500 1$3VAN0236218$aDo Colors Exist?$91564708 606 $a83Axx$xSpecial relativity [MSC 2020]$3VANC023562$2MF 606 $a20Bxx$xPermutation groups [MSC 2020]$3VANC023866$2MF 606 $a81P45$xQuantum information, communication, networks (quantum-theoretic aspects) [MSC 2020]$3VANC030931$2MF 606 $a03Axx$xPhilosophical aspects of logic and foundations [MSC 2020]$3VANC031175$2MF 610 $aPhilosophy of Science$9KW:K 610 $aPhilosophy of mathematics$9KW:K 610 $aPopular science$9KW:K 610 $aQuantum Information$9KW:K 610 $aQuantum physics$9KW:K 610 $aRelativity$9KW:K 620 $aCH$dCham$3VANL001889 700 1$aCottrell$bSeth S.$3VANV096083$0768232 712 $aBirkhäuser $3VANV108193$4650 801 $aIT$bSOL$c20230630$gRICA 856 4 $uhttp://doi.org/10.1007/978-3-319-64361-8$zE-book ? Accesso al full-text attraverso riconoscimento IP di Ateneo, proxy e/o Shibboleth 899 $aBIBLIOTECA DEL DIPARTIMENTO DI MATEMATICA E FISICA$1IT-CE0120$2VAN08 912 $fN 912 $aVAN0124643 950 $aBIBLIOTECA DEL DIPARTIMENTO DI MATEMATICA E FISICA$d08CONS e-book 1106 $e08eMF1106 20191023 996 $aDo Colors Exist$91564708 997 $aUNICAMPANIA LEADER 01569nam0 22002773i 450 001 VAN0088593 005 20230801023718.662 100 $a20120413d1851 |0itac50 ba 101 $afre 102 $aFR 105 $a|||| ||||| 200 1 $aMonk$echute de la république et rétablissement de la monarchie en Angleterre, en 1660$eetude historique $fpar M. Guizot 210 $aParis$cDidier$d1851 215 $aXIV, 400 p., [1] carta di tavola$critratto$d24 cm 606 $aMonk, George$3VANC028519$2FI 620 $dParis$3VANL000046 700 1$aGuizot$bFrançois$3VANV028354$0376229 712 $aDidier $3VANV113806$4650 790 1$aGuizot, Francois$zGuizot, François$3VANV062777 801 $aIT$bSOL$c20230804$gRICA 856 4 $uhttp://books.google.it/books?id=yQxKAAAAcAAJ&printsec=frontcover&dq=Monk+:+chute+de+la+republique+et+retablissement+de+la+monarchie+en+Angleterre,+en+1660&hl=it&sa=X&ei=-NqHT-D_AsS1tAan_NTsCg&ved=0CDkQ6AEwAQ#v=onepage&q=Monk%20%3A%20chute%2$zhttp://books.google.it/books?id=yQxKAAAAcAAJ&printsec=frontcover&dq=Monk+:+chute+de+la+republique+et+retablissement+de+la+monarchie+en+Angleterre,+en+1660&hl=it&sa=X&ei=-NqHT-D_AsS1tAan_NTsCg&ved=0CDkQ6AEwAQ#v=onepage&q=Monk%20%3A%20chute%2 899 $aBIBLIOTECA DEL DIPARTIMENTO DI GIURISPRUDENZA$1IT-CE0105$2VAN00 912 $aVAN0088593 950 $aBIBLIOTECA DEL DIPARTIMENTO DI GIURISPRUDENZA$d00CONS BL.800M.192 $e00BL 940 20120413 Biblioteca Lauria 996 $aMonk$9547842 997 $aUNICAMPANIA